Japonská bublina na trzích aktiv a důsledky jejího prasknutí počátkem 90. let 20. století

Vznik japonskej bubliny na trhu aktív v rokoch 1986-1991. Oficiálne vyhlásené hospodárske cykly v Japonsku, 1951-2009. Faktory vzniku bubliny na trhoch aktív. Mechanizmus vzniku bubliny na trhoch aktív v Japonsku. Vývoj ekonomiky v období bubliny a jej dopady. Opatrenia hospodárskej politiky proti r...

Descripción completa

Guardado en:
Detalles Bibliográficos
Autor principal: Stuchlíková, Zuzana
Formato: Capítulo de libro
Lenguaje:checo
Materias:
Etiquetas: Agregar Etiqueta
Sin Etiquetas, Sea el primero en etiquetar este registro!

MARC

LEADER 00000naa a2200000 4500
001 0148117
005 20220512111431.0
041 0 |a cze 
044 |a CZ 
245 1 0 |a Japonská bublina na trzích aktiv a důsledky jejího prasknutí počátkem 90. let 20. století  |c Zuzana Stuchlíková 
520 |a Vznik japonskej bubliny na trhu aktív v rokoch 1986-1991. Oficiálne vyhlásené hospodárske cykly v Japonsku, 1951-2009. Faktory vzniku bubliny na trhoch aktív. Mechanizmus vzniku bubliny na trhoch aktív v Japonsku. Vývoj ekonomiky v období bubliny a jej dopady. Opatrenia hospodárskej politiky proti recesii a ich výsledky. 
610 2 0 |a kríza hospodárska 
610 2 0 |a Japonsko 
610 2 0 |a cykly hospodárske 
610 2 0 |a trh finančný 
610 2 0 |a bubliny finančné 
100 1 |a Stuchlíková, Zuzana